000
00203 a2200097 4500
001
41105
100
_a
245
_a
Elliot the waste land
260
_a
London
_b
Aurora pub Inc
_c
090
_c
25335
_d
25335
942
_a
NUST-CAE
_c
_c
17042
999
_c
276178
_d
276178